| 000 | 00644nam a22002297a 4500 | ||
|---|---|---|---|
| 005 | 20170124105941.0 | ||
| 010 | _a621813 | ||
| 020 | _c15.00 | ||
| 035 | _a621813 | ||
| 037 | _bCen Lib/Ret | ||
| 040 |
_aDPL _bEN |
||
| 082 |
_a230.48 _2PRA |
||
| 100 |
_aPratyagatmananda Saraswati _991458 |
||
| 245 |
_aJapasutram : _cby Pratyagatmananda Saraswati _bscience if creative sound / |
||
| 260 |
_aMadras _bGanesh & co. _c1971 |
||
| 270 | _bMadras | ||
| 300 |
_a309p. _c22cm(Hb) |
||
| 500 | _aIncludes appendix | ||
| 650 |
_aReligion _y _991459 |
||
| 650 |
_aMeditation--Hinduism _99554 |
||
| 942 |
_2ddc _cEN _h230.48 _mPRA |
||
| 999 |
_c124565 _d124565 |
||